|
|
|
|
| LEADER |
01956nam a22003017a 4500 |
| 001 |
40023 |
| 003 |
BD-DhAAL |
| 008 |
221113t2021 bg ||||| b||| 001 0 eng d |
| 999 |
|
|
|c 45032
|d 45032
|
| 020 |
|
|
|a 9789849560180
|
| 040 |
|
|
|a BD-DhAAL
|c BD-DhAAL
|
| 082 |
|
|
|a 378.5492
|2 23
|
| 100 |
|
|
|a Islam, Fakhrul.
|9 52318
|
| 245 |
|
|
|a Higher education in Bangladesh :
|b prospects and challenges /
|c Fakhrul Islam.
|
| 260 |
|
|
|a Dhaka :
|b Bayanno ('52), 225-226 Books & Computer Complex,
|c 2021.
|
| 300 |
|
|
|a xv, 318 pages ;
|c 22 cm.
|
| 504 |
|
|
|a Includes bibliographical references and index.
|
| 526 |
|
|
|a AAL
|
| 541 |
|
|
|a University Grants Commission of Bangladesh (UGC)
|e 40023, 40024, 40025, 40026, 40027
|
| 650 |
|
|
|a Education, Higher
|z Bangladesh.
|9 52319
|
| 650 |
|
|
|a Education.
|9 52320
|
| 852 |
|
|
|a Ayesha Abed Library
|c General Stacks
|
| 942 |
|
|
|2 ddc
|c BK
|
| 952 |
|
|
|0 0
|1 0
|2 ddc
|4 0
|6 378_549200000000000_ISL
|7 0
|9 72329
|a BRACUL
|b BRACUL
|c GEN
|d 2022-11-13
|e University Grants Commission of Bangladesh (UGC)
|g 420.00
|l 0
|o 378.5492 ISL
|p 3010040024
|r 2022-11-13
|t 2
|v 420.00
|w 2022-11-13
|y BK
|
| 952 |
|
|
|0 0
|1 0
|2 ddc
|4 0
|6 378_549200000000000_ISL
|7 0
|9 72330
|a BRACUL
|b BRACUL
|c GEN
|d 2022-11-13
|e University Grants Commission of Bangladesh (UGC)
|g 420.00
|l 0
|o 378.5492 ISL
|p 3010040026
|r 2022-11-13
|t 4
|v 420.00
|w 2022-11-13
|y BK
|
| 952 |
|
|
|0 0
|1 0
|2 ddc
|4 0
|6 378_549200000000000_ISL
|7 0
|9 72331
|a BRACUL
|b BRACUL
|c GEN
|d 2022-11-13
|e University Grants Commission of Bangladesh (UGC)
|g 420.00
|l 0
|o 378.5492 ISL
|p 3010040027
|r 2022-11-13
|t 5
|v 420.00
|w 2022-11-13
|y BK
|
| 952 |
|
|
|0 0
|1 0
|2 ddc
|4 0
|6 378_549200000000000_ISL
|7 0
|9 72332
|a BRACUL
|b BRACUL
|c GEN
|d 2022-11-13
|e University Grants Commission of Bangladesh (UGC)
|g 420.00
|l 0
|o 378.5492 ISL
|p 3010040025
|r 2022-11-13
|t 3
|v 420.00
|w 2022-11-13
|y BK
|
| 952 |
|
|
|0 0
|1 0
|2 ddc
|4 0
|6 378_549200000000000_ISL
|7 0
|9 72333
|a BRACUL
|b BRACUL
|c GEN
|d 2022-11-13
|e University Grants Commission of Bangladesh (UGC)
|g 420.00
|l 0
|o 378.5492 ISL
|p 3010040023
|r 2022-11-13
|t 1
|v 420.00
|w 2022-11-13
|y BK
|